000 00689nam a2200229Ia 4500
003 OSt
005 20220918202421.0
006 a|||||r|||| 00| 0
007 ta
008 220917b |||||||| |||| 00| 0 eng d
024 _a101,078
037 _cTextual
040 _aARTS
_cARTS
_beng
041 _2eng
_aeng
082 _aV21:1:L4, B2
100 _aWheeler J Talboys
245 0 _aMadras in the golden time being a history of the presidency from the first foundation of fort St George to the occupation of Madras by the French 1639-1748
260 _c1800
650 _aHISTORY
942 _hV21:1:L4, B2
_cTEXL
_2CC
999 _c224592
_d224592